|
|
|
|
| LEADER |
01256nam a2200337 a 4500 |
| 001 |
16244738 |
| 003 |
BD-DhAAL |
| 008 |
120322s2011 enka b 001 0 eng d |
| 010 |
|
|
|a 2010021029
|
| 020 |
|
|
|a 9780415781329
|
| 020 |
|
|
|a 0415781329
|
| 020 |
|
|
|a 9780415781336
|
| 020 |
|
|
|a 0415781337
|
| 020 |
|
|
|a 9780203838631
|
| 020 |
|
|
|a 0203838637
|
| 040 |
|
|
|a DLC
|c DLC
|d YDX
|d BTCTA
|d YDXCP
|d LDL
|d BWX
|d CDX
|d RCJ
|d DLC
|d BD-DhAAL
|
| 082 |
0 |
0 |
|a 320.6
|2 22
|
| 100 |
1 |
|
|a Howlett, Michael,
|d 1955-
|9 53471
|
| 245 |
1 |
0 |
|a Designing public policies :
|b principles and instruments /
|c Michael Howlett.
|
| 260 |
|
|
|a Abingdon, Oxon ;
|a New York :
|b Routledge,
|c 2011.
|
| 300 |
|
|
|a xix, 236 pages :
|b ill. ;
|c 24 cm.
|
| 490 |
1 |
|
|a Routledge textbooks in policy studies
|
| 504 |
|
|
|a Includes bibliographical references and index.
|
| 541 |
1 |
|
|e 00024813
|
| 650 |
|
0 |
|a Policy sciences.
|
| 650 |
|
0 |
|a Political planning.
|
| 830 |
|
0 |
|a Routledge textbooks in policy studies.
|9 53443
|
| 852 |
1 |
|
|a Ayesha Abed Library
|j General shelf
|
| 942 |
|
|
|2 ddc
|c BK
|
| 999 |
|
|
|c 12009
|d 12009
|
| 952 |
|
|
|0 0
|1 0
|2 ddc
|4 0
|6 320_600000000000000_HOW
|7 0
|9 19763
|a IGS
|b IGS
|c GEN
|d 2012-03-22
|e IGS
|g 2945.00
|l 1
|m 3
|o 320.6 HOW
|p 3010024813
|r 2014-06-09
|s 2012-12-31
|t 1
|w 2012-03-22
|y BK
|x British pound (25.99)
|